000 00777nam a22002297i 4500
999 _c22898
_d22898
003 AR-CdUCM
008 240513b20012001 es||||| |||| 00| 0 spa d
020 _a84-95501-00-7
040 _aMUNICIPALIDAD PROVINCIAL DEL CUSCO
_cBIBLIOTECA MUNICIPAL DEL CUSCO
082 _27ª ed.
_a869.6 / P451C
_bP451C
100 _aPérez Reverte, Arturo.
_99248
245 _aEl club Dumas :
_ba la sombra de Richelieu /
260 _aEspaña :
_bSantillana Ediciones S. A.,
_c2001
300 _a559 páginas. :
_c17 cm.
650 _aLa mano del muerto
_949849
650 _aRemenber
_949850
650 _aEl librero de la Rue Bonaparte
_949851
650 _aCorso y Richelieu
_949852
650 _aUn recurso de novela gótica
_949853
942 _2ddc
_cLIBROS
945 _apbj
_d2024-05-13